The compensation handbook : (Record no. 347480)

000 -LEADER
fixed length control field 01554 a2200193 4500
020 ## - INTERNATIONAL STANDARD BOOK NUMBER
International Standard Book Number 0070533520 (hardcover)
020 ## - INTERNATIONAL STANDARD BOOK NUMBER
International Standard Book Number 9780070533523 (hardcover)
082 04 - DEWEY DECIMAL CLASSIFICATION NUMBER
Classification number 658.32
090 ## - LOCALLY ASSIGNED LC-TYPE CALL NUMBER (OCLC); LOCAL CALL NUMBER (RLIN)
-- 5056
-- 5056
100 1# - MAIN ENTRY--PERSONAL NAME
Personal name Rock, Milton L.
245 14 - TITLE STATEMENT
Title The compensation handbook :
Remainder of title a state-of-the art guide to compensation strategy and design /
Statement of responsibility, etc. Milton L. Rock, Lance A. Berger.
250 ## - EDITION STATEMENT
Edition statement 3 Sub ed.
260 ## - PUBLICATION, DISTRIBUTION, ETC.
Place of publication, distribution, etc. [S.l.] :
Name of publisher, distributor, etc. Mcgraw-Hill (Tx),
Date of publication, distribution, etc. 1991.
300 ## - PHYSICAL DESCRIPTION
Extent 704 p. ;
Dimensions 24 cm.
520 ## - SUMMARY, ETC.
Summary, etc. Bring your company's compensation program into the '90s. Need to make informed decisions on new compensation programs that can meet your needs today and tomorrow? Consult the new Third Edition of the "bible" in the field-The Compensation Handbook: A State-of-the-Art Guide to Compensation Strategy and Design. Packed with proven strategies from over 40 experts, this totally updated guide shows you how to: determine affordable, appropriate pay scales; reward-and retain-key people; measure the unmeasurable-what engineers, R&D people, and executives do; evaluate employees expectations and boost corporate morale; build a cost-effective reward, evaluation, and benefits structure; develop nontraditional or contingency-based compensation; use computers to improve the way you document, evaluate, price, budget, and plan jobs; develop realistic pay-for-performance and productivity measurement systems.
700 1# - ADDED ENTRY--PERSONAL NAME
Personal name Berger, Lance A.
856 40 - ELECTRONIC LOCATION AND ACCESS
Materials specified Amazon.com
Uniform Resource Identifier <a href="http://www.amazon.com/exec/obidos/ASIN/0070533520/chopaconline-20">http://www.amazon.com/exec/obidos/ASIN/0070533520/chopaconline-20</a>
942 ## - ADDED ENTRY ELEMENTS (KOHA)
Institution code [OBSOLETE] NBS
Koha item type Book
Call number prefix 658.32 COM
Holdings
Withdrawn status Lost status Damaged status Not for loan Permanent Location Current Location Date acquired Total Checkouts Full call number Barcode Date last seen Date last checked out Price effective from Koha item type
        Central Library (CL) Central Library (CL) 08/28/2013 2 658.32 COM NBS1512 05/08/2017 03/24/2017 08/28/2013 Book
© 2023 Central Library, National University of Sciences and Technology. All Rights Reserved.